| 000 | 00810nam a2200217 4500 | ||
|---|---|---|---|
| 003 | OSt | ||
| 005 | 20180829103139.0 | ||
| 008 | 180825b xxu||||| |||| 00| 0 spa d | ||
| 020 | _a9506791368 | ||
| 040 | _cPJ | ||
| 100 |
_aBarbieri, Pablo C. _91785 |
||
| 245 | 1 | 0 |
_aManual de títulos circulatorios / _cPablo C. Barbieri. |
| 260 |
_aBuenos Aires : _bUniversidad, _c1994. |
||
| 300 |
_a361 p. _c23 cm. |
||
| 500 | _aNotas y citas a pie de página. | ||
| 504 | _aBibliografía: p. 359-361. | ||
| 505 | _aContenido: Parte general: conceptos, teoría, derechos, clasificación, evolución histórica. Parte especial: letra de cambio, pagaré, cheque, títulos cotizables en bolsa. | ||
| 650 | 0 |
_91602 _aDERECHO COMERCIAL |
|
| 650 | 0 |
_91831 _aTITULOS DE CRÉDITO |
|
| 942 |
_2udc _cLIB _h347.745 _iBAR |
||
| 999 |
_c1285 _d1285 |
||